Words Like 'Kyrgyzstan' Quiz Stats

 Plays Quiz Updated Sep 8, 2015

Also try: 50% Words
Challenge
Share
Tweet
Embed
Score 0/10 Timer 02:00
3 Plays Today
Clue Kyrgyzstan-y Word % Correct
Language spoken in Lisbon and BrazilPortuguese
92.8%
What one is granted by the queen that comes with the title 'Sir'knighthood
90.3%
Island nation off of Africa known for its lemursMadagascar
89.6%
German carmaker known for the Beetle and the GolfVolkswagen
86.5%
UK City that precedes United and City in Premier League teamsManchester
84.2%
In a trancelike state where you are susceptible to the power of suggestionhypnotized
77.6%
Aircraft invented by Igor Sikorsky usually with a giant horizontal rotorhelicopter
72%
US Civil War Battle in Pennsylvania where Meade beat LeeGettysburg
70.5%
Possible to be compressed with your hands, like a package of Charminsqueezable
62%
A pungent blue cheese from Italygorgonzola
54.2%

You're not logged in!

Compare scores with friends on all Sporcle quizzes.
OR
Log In

You Might Also Like...

Show Comments

Extras

Top Quizzes Today


Score Distribution

Your Account Isn't Verified!

In order to create a playlist on Sporcle, you need to verify the email address you used during registration. Go to your Sporcle Settings to finish the process.

Report this User

Report this user for behavior that violates our Community Guidelines.

Details: